<The> Effect of Sensory Marketing From the Perspective of Neuromarketing
Skúmanie, ktoré senzorické orgány vyvolávajú najviac emocionálnych reakcií v rámci subjektívneho hodnotenia produktu. Neuromarketingový výskum pomocou niekoľkých biomedicínskych metód. Sledovanie mozgovej aktivity pomocou EEG, ktorá určila nielen emocionálne reakcie, ale aj stupeň pozornosti, ktorú...
Saved in:
| Main Author: | |
|---|---|
| Other Authors: | |
| Format: | Book Chapter |
| Language: | English |
| Subjects: | |
| Tags: |
No Tags, Be the first to tag this record!
|
MARC
| LEADER | 00000naa a2200000 4500 | ||
|---|---|---|---|
| 001 | 0268586 | ||
| 005 | 20200923093937.3 | ||
| 041 | 0 | |a eng | |
| 044 | |a SK | ||
| 245 | 1 | 0 | |a <The> Effect of Sensory Marketing From the Perspective of Neuromarketing |c Pavel Rosenlacher, Jaromír Tichý |
| 520 | |a Skúmanie, ktoré senzorické orgány vyvolávajú najviac emocionálnych reakcií v rámci subjektívneho hodnotenia produktu. Neuromarketingový výskum pomocou niekoľkých biomedicínskych metód. Sledovanie mozgovej aktivity pomocou EEG, ktorá určila nielen emocionálne reakcie, ale aj stupeň pozornosti, ktorú respondent venoval testovanému produktu. Sledovanie teploty povrchu kože, srdcová činnosť - pulz objemu krvi a galvanická odolnosť pokožky. | ||
| 610 | 2 | 0 | |a neuromarketing |
| 610 | 2 | 0 | |a emócie |
| 610 | 2 | 0 | |a marketing |
| 610 | 2 | 0 | |a komunikácia marketingová |
| 100 | 1 | |a Rosenlacher, Pavel | |
| 700 | 1 | |a Tichý, Jaromír | |